000
00281nam a2200109 a 4500
005
20200929165209.0
008
100330s2001 000 spa d
020
_a
9993467014
245
4
_a
Las dos grandes geurras del siglo XX.
260
_a
Santo Domingo,
_c
2001.
999
_c
17218
_d
17218
040
_a
DO-SdBNP